000 00300 a2200145 4500
001 155037
040 _cEscola São Tomás de Aquino
100 _aSHAKESPEARE, William
240 1 0 _aMacbet
_lpor
245 1 0 _aMacbet
300 _a44
362 0 _a2007
697 _aLíngua inglesa
942 _cBK
999 _c155037
_d155037